Statistics for World Capitals Ending with S

Click here to take the quiz!

General Stats

  • This quiz has been taken 2,038 times
    (2,033 since last reset)
  • The average score is 10 of 13

Answer Stats

Answer% Correct
Caracas
84%
Tunis
82%
Athens
81%
Brussels
81%
Algiers
80%
Paris
79%
Buenos Aires
78%
Vilnius
78%
Castries
74%
Damascus
72%
St. John's
69%
St. George's
68%
Port Louis
63%

Score Distribution

Percentile by Number Answered

Percent of People with Each Score

Your Score History

You have not taken this quiz since the last reset